000 00676nam a2200253 a 4500
001 nice12345678
003 IN_TiNIC
005 20260116012257.0
008 050524s1984 vena grp 000 0 eng
020 _a0830717
_c100
082 0 0 _a261.873
_bBER
100 _aBernbaum, John A
245 _aPerspectives on Peacemaking
_b Biblical Options in the Nuclear Age
260 _aVentura, CA
_bRegal Books
_c1984
300 _a265p
500 _aincludes index and biblioraphy
505 2 _aBibliography
650 _aPeace-Christianity
650 _aPeace-Religious Aspects
700 1 _aBernbaum, John A
902 _bSRS
942 _cBK
999 _c6355
_d6355